[Event "Oberliga Ost-B 0405"]
[Site "Germany"]
[Date "2005.01.30"]
[Round "8.6"]
[White "Nimsch, Helmut"]
[Black "Zoller, Wilhelm"]
[Result "0-1"]
[WhiteElo "2118"]
[BlackElo "2124"]
[PlyCount "87"]
[EventDate "2004.10.10"]
[EventType "team-tourn"]
[EventRounds "11"]
[EventCountry "GER"]
[SourceTitle "EXT 2006"]
[Source "ChessBase"]
[SourceDate "2005.11.24"]
[SourceVersion "1"]
[SourceVersionDate "2005.11.24"]
[SourceQuality "1"]
[WhiteTeam "Frankfurt FTG"]
[BlackTeam "Jena Glas"]
[WhiteTeamCountry "GER"]
[BlackTeamCountry "GER"]

1. d4 f5 2. c4 Nf6 3. Nc3 d6 4. Nf3 g6 5. g3 Bg7 6. Bg2 0-0 7. 0-0 c6 8. Rb1 Qe8 9. d5 Na6 10. b4 Bd7 11. Ba3 Ng4 12. Qd2 Rc8 13. Rfc1 Kh8 14. c5 cxd5 15. cxd6 e6 16. h3 Nf6 17. Qe3 b6 18. Qd3 Ne4 19. Nxe4 Rxc1+ 20. Rxc1 Bb5 21. Qd2 fxe4 22. Nd4 Bd7 23. e3 b5 24. Bf1 Qb8 25. Bb2 Qxd6 26. Nxb5 Qxb4 27. Bxg7+ Kxg7 28. Qxb4 Nxb4 29. Rc7 Rd8 30. Nd6 Kf6 31. Nb7 Rc8 32. Rxd7 Rc2 33. Nd6 Nd3 34. f4 e5 35. Rxh7 Ne1 36. Rf7+ Ke6 37. fxe5 Nf3+ 38. Rxf3 exf3 39. a4 Kxe5 40. Nb5 Ra2 41. Nd4 Ke4 42. Nb3 Kxe3 43. a5 Ra3 44. a6 0-1

[Event "Mecklenburg VP-ch Seniors 01st"]
[Site "Plau am See"]
[Date "2001.10.12"]
[Round "8"]
[White "Zoller, Wilhelm"]
[Black "Gruber, Albert"]
[Result "1-0"]
[WhiteElo "2011"]
[BlackElo "1838"]
[PlyCount "137"]
[EventDate "2001.10.??"]
[EventType "swiss"]
[EventRounds "9"]
[EventCountry "GER"]
[SourceTitle "EXT 2006"]
[Source "ChessBase"]
[SourceDate "2005.11.24"]
[SourceVersion "1"]
[SourceVersionDate "2005.11.24"]
[SourceQuality "1"]

1. d4 Nf6 2. Nf3 d5 3. Bf4 Nbd7 4. e3 g6 5. Nbd2 Bg7 6. Be2 0-0 7. Ne5 c5 8. c3 c4 9. h4 Nxe5 10. Bxe5 Bf5 11. g4 Bd3 12. Bxd3 cxd3 13. Bxf6 exf6 14. Nb3 Re8 15. Qxd3 Qd6 16. 0-0-0 b6 17. h5 a5 18. a3 b5 19. Kc2 b4 20. axb4 axb4 21. Ra1 Rxa1 22. Nxa1 bxc3 23. bxc3 Qa3 24. Qb5 Rc8 25. Qb3 Qa6 26. Kd2 Qe6 27. Rg1 f5 28. hxg6 hxg6 29. gxf5 Qxf5 30. Rf1 Qf3 31. Qb7 Re8 32. Qb5 Re6 33. Nc2 Bf8 34. Qe2 Qf6 35. Rb1 Ra6 36. Rb5 Rd6 37. Nb4 Qf5 38. c4 Rd8 39. Nxd5 Qe6 40. Rb2 Qa6 41. Qd3 Qa1 42. Rb1 Qa5+ 43. Ke2 Bg7 44. Qb3 Rd6 45. c5 Qa6+ 46. Kf3 Re6 47. Nf4 Rf6 48. Kg2 Qc8 49. Qd5 Rf5 50. Qe4 Kh7 51. Rb6 Rg5+ 52. Kf1 Qg4 53. Rb1 Bh6 54. f3 Qg1+ 55. Ke2 Qh2+ 56. Kd3 Rf5 57. Ne2 Qf2 58. f4 Qh4 59. Rh1 Qf6 60. c6 Ra5 61. Nc3 Ra7 62. Rh2 Ra3 63. Qh1 g5 64. Qe4+ Kg7 65. fxg5 Bxg5 66. Qh7+ Kf8 67. Qh8+ Qxh8 68. Rxh8+ Kg7 69. c7 1-0

[Event "GER-chT Seniors 04th"]
[Site "Bad Schandau"]
[Date "1995.??.??"]
[Round "?"]
[White "Schmitzer, Horst"]
[Black "Zoller, Wilhelm"]
[Result "1-0"]
[WhiteElo "2310"]
[BlackElo "2042"]
[PlyCount "59"]
[EventDate "1995.07.24"]
[EventType "team"]
[EventRounds "7"]
[EventCountry "GER"]
[SourceTitle "EXT 2006"]
[Source "ChessBase"]
[SourceDate "2005.11.24"]
[SourceVersion "1"]
[SourceVersionDate "2005.11.24"]
[SourceQuality "1"]

1. Nf3 e6 2. d4 f5 3. Bf4 Nf6 4. e3 Be7 5. h3 c5 6. c4 d5 7. Nc3 Ne4 8. Be2 Qb6 9. Qb3 Qxb3 10. axb3 Nc6 11. Nb5 0-0 12. Nc7 Rb8 13. cxd5 g5 14. Bh2 Nb4 15. 0-0 g4 16. hxg4 fxg4 17. Ne5 g3 18. fxg3 exd5 19. g4 a6 20. Nd3 Bd7 21. Nxb4 cxb4 22. Nxd5 Bg5 23. Bxb8 Rxb8 24. Bd3 Re8 25. Bxe4 Rxe4 26. Nf6+ Bxf6 27. Rxf6 Rxe3 28. Rb6 Rd3 29. Rxb7 Bb5 30. Rc1 1-0